000
00284nam a2200109Ia 4500
008
200302s9999 xx 000 0 und d
100
_a
Matthew Driscoll
245
_a
From me to we the changing workplace
260
_b
Design Media Publishing (UK) Ltd.,
260
_c
2016
300
_a
267
999
_c
6188
_d
6188